01847nam a2200325 i 4500001000700000003000900007005001700016008004100033080001600074080001700090100004000107245007600147260006100223300003700284490003300321490002700354505051400381530003500895650004300930650004800973650003701021830004101058830003501099852002601134856008901160856010301249942000801352999001901360952014201379176932ES-MaACL20260211130738.0110218s1912 sp a |||| | spa d a332.24(460) a323.333(460)1 aCosta, Joaquín,d1846-191194105413aLa tierra y la cuestión social / cpor D. Joaquín Costa Martínez. aMadrid : bBiblioteca Costa, c1912 (fImp. de Fortanet) a185 p., 1 retr. autor ; c21 cm.1 aBiblioteca económica ; v41 aObras completas ; v238 aContiene: El pueblo y la propiedad territorial ; Cuestión social agraria en Jerez ; Contra el hambre de la Litera ; La cuestión de las tierras a propósito del caso de La Solana ; Huertos comunales ; Concurrencia de jornal y huerta en Zaragoza ; Para la blusa y el calzón corto ; Sobre amnistía de los obreros ; La pobreza, fuente de esclavitud y de delito ; La cuestión del capital tierra ; El trabajo colectivo y las pensiones para la vejez ; Lo que corresponde hacer a los profesores españoles aDisponible en formato digital. 4aPropiedad rústica-zEspaña.916497 4aTrabajadores agrícolas-zEspaña.917584 7aProblemas sociales2embne9164151 aBiblioteca económica ; v491857721 aObras completas ; v239176447 aES-MaACLjD-8857cSVI4 uhttp://bdh-rd.bne.es/viewer.vm?id=0000060917&page=1 yBiblioteca Digital Hispánica4 uhttps://repositorio.bde.es/handle/123456789/4312 yRepositorio Institucional del Banco de España 2udc c176932d176932 001040708Colección_digitalaATENEOMbATENEOMcSVId2011-02-18eSCl0oD-8857p901185832r2023-02-23 00:00:00w2023-02-23yMONOGRAFIA